Ejercicios caligráficos infantiles : inglesa
Guardado en:
| Autor principal: | |
|---|---|
| Formato: | Libro |
| Lenguaje: | español |
| Publicado: |
[Valencia] :
Borrón,
[19--?]
|
| Catálogo: | MANES: Resultados de Búsqueda del Catálogo |
| Clasificación de libros de texto: |
|
| Materias: | |
| Etiquetas: |
Agregar Etiqueta
Sin Etiquetas, Sea el primero en etiquetar este registro!
|
| Añadido a: | 1999-11-29 |
| Cambiado en: | 2025-05-07 |
MARC
| LEADER | 00000cam a2200000#i 4500 | ||
|---|---|---|---|
| 005 | 20250507134526.0 | ||
| 008 | 000000q19uu espa 000 0 spa d | ||
| 040 | |a uned |b spa |c entro-manes | ||
| 100 | 1 | |a Morales y Latorre . |9 39907 | |
| 245 | 1 | 0 | |a Ejercicios caligráficos infantiles : |b inglesa / |c por Morales y Latorre |
| 260 | |a [Valencia] : |b Borrón, |c [19--?] | ||
| 300 | |a <6 - 9> (15, 15, 15, 15 p.) : |b il. | ||
| 505 | 1 | |a Contiene: Modelo número 6 - 9 | |
| 546 | |a España | ||
| 561 | |5 es-BUNED |3 L.T. 2694 N.6 |a España. Fondo Manes UNED |k MANES | ||
| 690 | 0 | |a EyL | |
| 650 | 7 | |a Material didáctico | |
| 691 | 0 | |a PRI | |
| 942 | |2 ddc |c BK | ||
| 999 | |c 96413 |d 96413 | ||
| 999 | |c manes:96413 |d 96413 | ||